000
00280nam a22001337a 4500
003
SGT
020
_a
9780140620474
082
_a
820
_b
F74H
100
_a
HARDY, THOMAS
245
_a
FAR FROM THE MADDING CROWD
260
_b
PENGUIN BOOKS
_c
1874
300
_a
374
942
_2
ddc
_c
BK
999
_c
29084
_d
29084